International herald tribune / (Record no. 200128645)
[ view plain ]
| 000 -LEADER | |
|---|---|
| fixed length control field | 00688 a2200253 4500 |
| 001 - CONTROL NUMBER | |
| control field | 200128645 |
| 003 - CONTROL NUMBER IDENTIFIER | |
| control field | TR-AnTOB |
| 005 - DATE AND TIME OF LATEST TRANSACTION | |
| control field | 20231130084155.0 |
| 008 - FIXED-LENGTH DATA ELEMENTS--GENERAL INFORMATION | |
| fixed length control field | 160507b19679999fr dr0n 0 0 |
| 022 1# - INTERNATIONAL STANDARD SERIAL NUMBER | |
| International Standard Serial Number | 0844205656 |
| 040 ## - CATALOGING SOURCE | |
| Original cataloging agency | TR-AnTOB |
| 041 0# - LANGUAGE CODE | |
| Language code of text/sound track or separate title | İngilizce |
| 050 00 - LIBRARY OF CONGRESS CALL NUMBER | |
| Classification number | DC701 |
| Item number | I587 1967- |
| 099 ## - LOCAL FREE-TEXT CALL NUMBER (OCLC) | |
| Classification number | JOURNAL - INTE HE |
| 245 00 - TITLE STATEMENT | |
| Title | International herald tribune / |
| 260 ## - PUBLICATION, DISTRIBUTION, ETC. | |
| Place of publication, distribution, etc. | Paris : |
| Name of publisher, distributor, etc. | International Herald Tribune, |
| Date of publication, distribution, etc. | 1967- |
| 300 ## - PHYSICAL DESCRIPTION | |
| Extent | v.: |
| Other physical details | ill. |
| 310 ## - CURRENT PUBLICATION FREQUENCY | |
| Current publication frequency | Daily (except Sun.) |
| 500 ## - GENERAL NOTE | |
| General note | Published with the New York Times and the Washington Post. |
| 650 00 - SUBJECT ADDED ENTRY--TOPICAL TERM | |
| Topical term or geographic name entry element | Newspapers |
| Geographic subdivision | France |
| 9 (RLIN) | 86980 |
| Topical term or geographic name entry element | Gazeteler |
| Geographic subdivision | Fransa |
| 9 (RLIN) | 86981 |
| 942 ## - ADDED ENTRY ELEMENTS (KOHA) | |
| Koha item type | Continuing Resource |
No items available.
